Programmation réseau avec Java

La première édition de Programmation réseau avec Java présentait la simplicité de l’écriture d’applications réseau avec Java. Dans cette nouvelle édition les développeurs découvriront les dernières avancées de Java en ce domaine et verront qu’avec les nouvelles API il n’existe plus de li...

Full beskrivning

Sparad:
Bibliografiska uppgifter
Huvudupphovsman: Harold, Elliotte Rusty
Materialtyp: Bok
Språk:Undetermined
Publicerad: Paris O'Reilly 2001
Ämnen:
Taggar: Lägg till en tagg
Inga taggar, Lägg till första taggen!
Thư viện lưu trữ: Trung tâm Học liệu Trường Đại học Cần Thơ
LEADER 00940nam a2200193Ia 4500
001 CTU_232981
008 210402s9999 xx 000 0 und d
082 |a 005.133 
082 |b H292 
100 |a Harold, Elliotte Rusty 
245 0 |a Programmation réseau avec Java 
245 0 |c Elliotte Rusty Harold ; Traduction de Raymond Debonne 
260 |a Paris 
260 |b O'Reilly 
260 |c 2001 
520 |a La première édition de Programmation réseau avec Java présentait la simplicité de l’écriture d’applications réseau avec Java. Dans cette nouvelle édition les développeurs découvriront les dernières avancées de Java en ce domaine et verront qu’avec les nouvelles API il n’existe plus de limites à l’imagination. 
650 |a Java (Ngôn ngữ chương trình máy tính),Java (Computer program language) 
910 |b dqhieu 
980 |a Trung tâm Học liệu Trường Đại học Cần Thơ